| 000 | 00554cam a22002171 4500 | ||
|---|---|---|---|
| 001 | sa 67006697 | ||
| 003 | DLC | ||
| 005 | 20260227112409.0 | ||
| 008 | 821129s1967 pk 000 0 eng | ||
| 010 | _asa 67006697 | ||
| 035 | _a(OCoLC)8999265 | ||
| 040 |
_aDLC _cMoU _dDLC |
||
| 042 | _apremarc | ||
| 050 | 0 | 0 |
_aHF1590.5 _b.A75 |
| 100 | 1 | _aAhmad, Kamaluddin. | |
| 245 | 1 | 0 | _aPakistan trade. |
| 260 |
_aKarachi, _bPublishers International _c[1967?] |
||
| 300 | _a111 p. | ||
| 651 | 0 |
_aPakistan _xCommercial policy. |
|
| 651 | 0 |
_aPakistan _xCommerce. |
|
| 999 |
_c76108 _d76108 |
||